Влияние наноструктурирования поверхностных слоев на усталостную долговечность конструкционных материалов и их сварных соединений; Физическая мезомеханика многоуровневых систем - 2014. Моделирование, эксперимент, приложения

書誌詳細
Parent link:Физическая мезомеханика многоуровневых систем - 2014. Моделирование, эксперимент, приложения.— 2014.— [С. 119-120]
第一著者: Почивалов Ю. И. Юрий Иванович
団体著者: Национальный исследовательский Томский политехнический университет (ТПУ) Институт физики высоких технологий (ИФВТ) Кафедра материаловедения в машиностроении (ММС)
その他の著者: Панин В. Е. Виктор Евгеньевич, Острижная А. С. Анастасия Сергеевна
要約:Заглавие с экрана
言語:ロシア語
出版事項: 2014
シリーズ:Неустойчивость и локализация деформации и разрушения в многоуровневых системах
主題:
オンライン・アクセス:http://www.issp.ac.ru/ebooks/conf/FMM_2014.pdf#page=120
フォーマット: MixedMaterials 電子媒体 図書の章
KOHA link:https://koha.lib.tpu.ru/cgi-bin/koha/opac-detail.pl?biblionumber=656417

MARC

LEADER 00000naa0a2200000 4500
001 656417
005 20250620135754.0
035 |a (RuTPU)RU\TPU\network\22858 
035 |a RU\TPU\network\22848 
090 |a 656417 
100 |a 20171110d2014 k y0rusy50 ca 
101 0 |a rus 
102 |a RU 
135 |a drcn ---uucaa 
181 0 |a i  
182 0 |a b 
200 1 |a Влияние наноструктурирования поверхностных слоев на усталостную долговечность конструкционных материалов и их сварных соединений  |f Ю. И. Почивалов, В. Е. Панин, А. С. Острижная 
203 |a Текст  |c электронный 
225 1 |a Неустойчивость и локализация деформации и разрушения в многоуровневых системах 
300 |a Заглавие с экрана 
463 |t Физическая мезомеханика многоуровневых систем - 2014. Моделирование, эксперимент, приложения  |o международная конференция, 3-5 сентября 2014, Томск, Россия : тезисы докладов  |v [С. 119-120]  |d 2014 
610 1 |a электронный ресурс 
610 1 |a труды учёных ТПУ 
610 1 |a поверхностные слои 
610 1 |a наноструктурированные поверхности 
610 1 |a конструкционные материалы 
610 1 |a сварные соединения 
610 1 |a усталостная долговечность 
700 1 |a Почивалов  |b Ю. И.  |g Юрий Иванович 
701 1 |a Панин  |b В. Е.  |c специалист в области физики и механики деформируемого твердого тела, физического материаловедения  |c профессор Томского политехнического университета, доктор физико-математических наук  |c заведующий кафедрой материаловедения в машиностроении  |c директор Российского материаловедческого центра  |c научный руководитель Института физики прочности и материаловедения СО РАН  |f 1930-  |g Виктор Евгеньевич  |3 (RuTPU)RU\TPU\pers\12102 
701 1 |a Острижная  |b А. С.  |g Анастасия Сергеевна 
712 0 2 |a Национальный исследовательский Томский политехнический университет (ТПУ)  |b Институт физики высоких технологий (ИФВТ)  |b Кафедра материаловедения в машиностроении (ММС)  |3 (RuTPU)RU\TPU\col\18688 
801 1 |a RU  |b 63413507  |c 20141010 
801 2 |a RU  |b 63413507  |c 20171110  |g RCR 
850 |a 63413507 
856 4 |u http://www.issp.ac.ru/ebooks/conf/FMM_2014.pdf#page=120 
942 |c CF